000 00635nam a2200241Ia 4500
003 OSt
005 20221005073217.0
006 a|||||r|||| 00| 0
007 ta
008 221004b |||||||| |||| 00| 0 eng d
024 _a69704
037 _cTextual
040 _aCRL
_cCRL
_beng
041 _2eng
_aeng
082 _aY:45.2.'N9, N6
100 _aMathur Krishna Mohan
245 0 _aCrime, human rights and national security
260 _aNew Delhi
_bGyan
_c1996
300 _a399p.
_ccm.
650 _aSOCIOLOGY
942 _hY:45.2.'N9, N6
_cTEXL
_2cc
999 _c980768
_d980768